000 00305nam a22001337a 4500
008 181205b xxu||||| |||| 00| 0 eng d
020 _a9780721696522
041 _aeng
080 _222 TH
_a610
100 _a4
101 _aSHM
245 _aCecil Textbook Of Medicine
_cGpldman.A
942 _2udc
_cBK
999 _c52847
_d52847